The role of strategic and critical minerals in our national and economic security : oversight hearing before the Subcommittee on Energy and Mineral Resources of the Committee on Resources, U.S. House of Representatives, One Hundred Eighth Congress, first session, Thursday, July 17, 2003.

Bibliographic Details
Corporate Authors: United States. Congress. House. Committee on Resources. Subcommittee on Energy and Mineral Resources, ProQuest (Firm)
Format: Government Document eBook
Language:English
Published: Washington : U.S. G.P.O. : 2003.
Series:U.S. Congressional Hearings.
Subjects:
Online Access:Connect to the full text of this electronic book

MARC

Tag First Indicator Second Indicator Subfields
LEADER 00000cam a22000001a 4500
001 in00003260321
006 m d f
007 cr bn mmmapmmp
008 090922s2003 dcua ob f000 0 eng d
005 20260504145331.8
035 |a cis2007475209 
040 |a UMI  |c UMI  |d UtOrBLW 
043 |a n-us--- 
074 |a 1023-A 
074 |a 1023-A (online) 
074 |a 1023-B (MF) 
074 |a 1023-B (online) 
086 0 |a Y 4.R 31/3:108-42 
088 |a Serial no. 108-42 (United States. Congress. House. Committee on Resources) 
099 |a HRG-2003-HRC-0064 
110 1 |a United States.  |b Congress.  |b House.  |b Committee on Resources.  |b Subcommittee on Energy and Mineral Resources. 
245 1 4 |a The role of strategic and critical minerals in our national and economic security :  |b oversight hearing before the Subcommittee on Energy and Mineral Resources of the Committee on Resources, U.S. House of Representatives, One Hundred Eighth Congress, first session, Thursday, July 17, 2003. 
264 1 |a Washington :  |b U.S. G.P.O. :  |c 2003. 
264 2 |a Washington :  |b For sale by the Supt. of Docs., U.S. G.P.O., 
300 |a 1 online resource. 
336 |a text  |b txt  |2 rdacontent 
337 |a computer  |b c  |2 rdamedia 
338 |a online resource  |b cr  |2 rdacarrier 
500 |a Record is based on bibliographic data in ProQuest Congressional Hearings Digital Collection. Reuse except for individual research requires license from ProQuest, LLC. 
504 |a Includes bibliographical references. 
530 |a Also available via Internet from the GPO Access web site. Address as of 12/12/03: http://frwebgate.access.gpo.gov/cgi-bin/getdoc.cgi?dbname=108%5F- house%5Fhearingscurrent access is available via PURL. 
538 |a System requirements: PDF reader software. 
500 |a Electronic resource. 
650 0 |a Strategic materials  |x Government policy  |z United States. 
650 0 |a Mineral industries  |x Government policy  |z United States. 
650 0 |a National security  |z United States. 
655 7 |a Electronic books.  |2 local 
710 2 |a ProQuest (Firm) 
776 0 8 |i Print version:  |a United States. Congress. House. Committee on Resources. Subcommittee on Energy and Mineral Resources .  |t role of strategic and critical minerals in our national and economic security  |w (DGPO)99136195 
776 0 8 |i Microfiche version:  |a United States. Congress. House. Committee on Resources. Subcommittee on Energy and Mineral Resources .  |t role of strategic and critical minerals in our national and economic security.  |d [Bethesda, Md.] : ProQuest,[2004]  |o CIS 2003 H651-121  |w (ProQuest)cis00300988 
830 0 |a U.S. Congressional Hearings. 
856 4 0 |u http://proxy.library.tamu.edu/login?url=https://congressional.proquest.com/congcomp/getdoc?HEARING-ID=HRG-2003-HRC-0064  |z Connect to the full text of this electronic book  |t 0 
998 |a cis00300988 
999 |a MARS 
999 f f |s a9399481-c52b-3168-bd53-cf61872e97bd  |i 0c8d5514-e225-368f-a1e7-1715656cab7e  |t 0 
952 f f |a Texas A&M University  |b College Station  |c Electronic Resources  |s www_evans  |d Available Online  |t 0  |e HRG-2003-HRC-0064  |h Other scheme 
998 f f |a HRG-2003-HRC-0064  |t 0  |l Available Online